| Tag |
First Indicator |
Second Indicator |
Subfields |
| LEADER |
00000cam a2200000 a 4500 |
| 001 |
in00000016058 |
| 005 |
20151007052654.0 |
| 008 |
880523q19001986enkaf j 00011 eng d |
| 035 |
|
|
|a (OCoLC)17989760
|
| 035 |
|
|
|9 AAA8743AM
|
| 040 |
|
|
|a TXA
|c TXA
|d UtOrBLW
|
| 049 |
|
|
|a [Curr Col] TXAM
|c [A11055277]
|
| 050 |
|
4 |
|a PZ7.C554
|b Te 1900z
|
| 100 |
1 |
|
|a Clarke, Henry,
|c Mrs.
|
| 245 |
1 |
0 |
|a Teddy's adventures :
|b and other tales /
|c by Mrs. Henry Clarke.
|
| 264 |
|
1 |
|a London :
|b Blackie,
|c [between 1900 and 1999]
|
| 300 |
|
|
|a 126 pages, 4 unnumbered leaves of plates :
|b color illustrations ;
|c 18 cm.
|
| 336 |
|
|
|a text
|b txt
|2 rdacontent
|
| 337 |
|
|
|a unmediated
|b n
|2 rdamedia
|
| 338 |
|
|
|a volume
|b nc
|2 rdacarrier
|
| 999 |
|
|
|a MARS
|
| 999 |
f |
f |
|s e4f18873-4900-30dc-ba0a-5528898154c7
|i 4363fa61-d059-330d-bb92-4fd7222f9533
|t 0
|
| 952 |
f |
f |
|p ric
|a Texas A&M University
|b Rellis Campus
|c Joint Library Facility
|d Remote Storage
|t 0
|e PZ7.C554 Te 1900z
|h Library of Congress classification
|i unmediated -- volume
|m A14811055277
|
| 998 |
f |
f |
|a PZ7.C554 Te 1900z
|t 0
|l Remote Storage
|